000 00850cam a2200253 a 4500
001 218
003 BR-CuiBMT
005 20231117230248.0
008 230831s2021 mgba 000 0 por d
020 _a9786555181661
040 _aBR-CuiBMT
_cBR-CuiBMT
080 _22007
_a342.9
090 _a342.9
_bP957
_c2. ed.
245 0 0 _aPrincípios de direito administrativo /
_cThiago Marrara, coordenador ; [autores Alexandre Santos de Aragão ... et al.].
250 _a2. ed., rev., ampl. e atual.
260 _aBelo Horizonte :
_bFórum,
_c2021.
300 _a543 p. :
_bil. ;
_c24 cm
500 _aInformações de autoria retiradas da capa.
504 _aInclui bibliografia.
650 _aDireito administrativo
_zBrasil
700 1 _aMarrara, Thiago
_4coord.
700 1 _aAragão, Alexandre Santos de,
_d1969-
_eet al.
_eautores
942 _2udc
_cLV
999 _c218
_d218